000 08023nam a22006614a 4500
005 20050615153040.0
008 041221s2005 maua b 001 0 eng
010 _aB-279430-463
020 _a9781741750065
_c250.00
020 _a1741750067
_c250.00
035 _aB-279430-463
037 _aViva/1071/28.5.08/104/16.5.08/11.7.08
040 _adpl
_bEnglish
082 _a658.155
100 _aGriffiths, Andrew
245 _a101 ways to boost your business /
_cby Andrew Griffiths
246 _aOne hundred one ways to boost your business
260 _aAustralia
_bAllen & Unwijn
_c2007
300 _axvi, 235p.
_c21 cm (pbk)
942 _2ddc
_cEN
_h658.155
_mGRI
999 _c20596
_d20596